The strategic management of intellectual capital and organizational knowledge
Saved in:
| Main Authors: | , |
|---|---|
| Format: | Bog |
| Sprog: | engelsk |
| Udgivet: |
Oxford
Oxford University
2002
|
| Fag: | |
| Tags: |
Tilføj Tag
Ingen Tags, Vær først til at tagge denne postø!
|
MARC
| LEADER | 00000nam a2200000 a 4500 | ||
|---|---|---|---|
| 001 | UCL3622 | ||
| 003 | CL-VaPUC | ||
| 008 | 031128e20020000us |||||||||||||||||eng|d | ||
| 020 | |a 019515486X | ||
| 082 | 0 | 4 | |a 658.4038 |b CHO |2 21 |
| 100 | 0 | |a Choo, Chun Wei |e author |9 480976 | |
| 700 | 0 | |a Bontis, Nick |e author |9 480977 | |
| 245 | 1 | 4 | |a The strategic management of intellectual capital and organizational knowledge |
| 300 | |a 748 p | ||
| 942 | |c BK | ||
| 945 | |d 20031128 00:00:00 |a cmena | ||
| 260 | |a Oxford |b Oxford University |c 2002 | ||
| 650 | 7 | |a CAPITAL INTELECTUAL |2 CL-VaPUC |9 480978 | |
| 650 | 0 | |a Gestión de la información |9 362327 | |
| 650 | 0 | |a Aprendizaje organizacional |9 263803 | |
| 650 | 0 | |a Toma de decisiones |9 257530 | |
| 650 | 0 | |a Planificación estratégica |9 259735 | |
| 583 | |a last modification |c 20171130 06:08:56 |k Rodrigo Vera | ||
| 999 | |c 306640 |d 306638 | ||
| 952 | |0 0 |1 0 |4 0 |6 658_403800000000000_CHO_2002 |7 0 |8 A |9 371789 |a BIBGIM |b BIBGIM |d 2019-11-21 |i 3970493 |l 1 |o 658.4038 CHO 2002 |p 3970493 |r 2025-01-15 |s 2023-08-01 |w 2019-11-21 |y BK |k GIM | ||